00390nam a2200169Ia 4500008004000000041000800040082001200048100002600060245003600086260004200122650000800164650001100172650000900183650000700192650001000199650001100209210210b1940 xxu||||| |||| 00| 0 eng d aeng a823/103 aSHAKESPEARE (William) aSecond part of Henry the fourth aNew YorkbThe Macmillan Companyc1940 athe aSecond apart aof aHenry afourth